000
00313 a2200145 4500
001
65572
040
_c
Anchieta - Pituba
100
_a
Rita Helena Bröckelmann
240
1
0
_a
Atitudes para a vida
_l
por
245
1
0
_a
Atitudes para a vida
300
_a
56
362
0
_a
2018
650
4
_a
Educação
942
_c
BK
999
_c
65572
_d
65572